000
00296nam a22001337a 4500
008
190205b xxu||||| |||| 00| 0 eng d
020
_a
9780766862371
041
_a
eng
080
_a
610
100
_a
4
101
_a
SHM
245
_a
Complete review for NCLEX-RN
_c
Gauwitz,D
942
_2
udc
_c
BK
999
_c
54056
_d
54056